• 首页
  • 本馆介绍
  • 公告通知
  • 最新文献
  • 馆藏检索
  • 电子资源
  • 读者导购
  • 参考咨询
  • 我的图书馆
  • 登录
  • 详细信息显示
  • 放入我的书架
  • 预约/预借图书
  • 作者相关作品
  • 分类相关作品
  • 丛书相关作品
  • 出版社相关作品

书目信息

  • 表格格式
  • 工作单格式
  • 卡片格式
题名:
环境遥感
    
 
作者: 王桥 , 杨一鹏 , 黄家柱 编著
分册:  
出版信息: 北京   科学出版社  2005
页数: 11,565页
开本: 24cm
丛书名: 地理信息系统教学丛书
单 册:
中图分类: X87
科图分类:
主题词: 环境遥感--高等学校--教材 , 环境遥感
电子资源:
ISBN: 7-03-014351-5
000 01080nam0 2200313 450
000 01087nam0 2200313 450
000 01021nam0 2200289 450
000 00985nam0 2200277 45
005 20070525113002.92
010    @a7-03-014351-5@dCNY45.00
100    @a20070419d2005 em y0chiy0120 ea
101 0  @achi
102    @aCN@b110000
105    @aa z 000yy
200 1  @a环境遥感@AHuan Jing Yao Gan@f王桥,杨一鹏,黄家柱等编著@FWang Qiao, Yang Yi Peng, Huang Jia Zhu Deng Bian Zhu
210    @a北京@c科学出版社@d2005
215    @a11,565页@c图@d24cm
225 2  @a地理信息系统教学丛书
300    @a21世纪高等院校教材
330    @a本书分10章,全面阐述了环境遥感基本原理、方法和应用特点,探讨了环境遥感技术在环境保护领域中应用的技术途径。
410  0 @12001 @a地理信息系统教学丛书
606 0  @a环境遥感@x高等学校@j教材
606 0  @a环境遥感
690    @aX87@v4
701  0 @a王桥@AWang Qiao@f(1957.8~)@4编著
701  0 @a杨一鹏@AYang Yi Peng@4编著
701  0 @a黄家柱@AHuang Jia Zhu@f(1945.12~)@4编著
801  0 @aCN@bTAOJIN@c20070525
905    @a10447@dX87@e67
    
    环境遥感/王桥,杨一鹏,黄家柱等编著.-北京:科学出版社,2005
    11,565页:图;24cm.-(地理信息系统教学丛书)
    21世纪高等院校教材
    
    ISBN 7-03-014351-5:CNY45.00
    本书分10章,全面阐述了环境遥感基本原理、方法和应用特点,探讨了环境遥感技术在环境保护领域中应用的技术途径。
●
相关链接 在E读中查询图书 在五车中查询图书 在当当中查询图书 在豆瓣中查询图书


正题名:环境遥感     索取号:X87/67         预约/预借

序号 登录号 条形码 馆藏地/架位号 状态 备注
1 0522503   205225031   第二样本阅览室/ [索取号:X87/67] 在馆    
2 0522504   205225040   第三借阅区/ [索取号:X87/67] 在馆    
3 0522505   205225059   第三借阅区/ [索取号:X87/67] 在馆    
唐山师范学院图书馆 欢迎您!
大连网信软件有限公司© 版权所有